000 01184nam a22003377a 4500
001 BR8001841
003 BR-BrBNA
005 20230928090550.0
007 ta
008 230509b bl.||||| |||| 00| 0 por d
040 _aBR-BrBNA
_bpor
_cBiblioteca Nacional de Agricultura
041 _a(Por)
072 _aE15; E50; D50
_b/G514
090 _ E15 BR8001841
110 1 _aConfederacao Nacional dos Trabalhadores na Agricultura, Brasilia, DF (Brasil)
_92541
111 1 _a3. Congresso Nacional dos Trabalharores Rurais
_cBrasilia, DF (Brazil)
_d21 May 1979
245 1 _aRelatorio do 3. Congresso Nacional dos Trabalhadores Rurais [Sociologia rural; Legislacao trabalhista; Brasil]
246 1 _a[Report of the 3. National Congress of Rural workers [Rural sociology; Labour legislation; Brazil]]
260 3 _aBrasilia, DF (Brasil):
_cMay 1979.
300 _a141 p.
650 _aMicroeconomia
650 _aSociologia rural
650 _aLegislacao
650 _aLegislacao trabalhista
650 _aTrabalhador rural
650 _aPolitica agricola
650 _aSindicato
650 _aPrevidencia rural
909 _a202309
_bLucia
_c55
_dLucia Elande
942 _cBK
999 _c29390
_d29390